LEADER 01725nam a2200277 4500 001 000000357819 003 CaOOAMICUS 005 20240403125131.0 008 240403s2021 it a 000 u ita r 020 $a978-88-6124-941-7 040 $aSeMil$bita 245 03$aIl sacrificio come dono :$bambivalenze e potenzialità di una categoria teologica /$cEnzo Appella, Emilio Salvatore (edd.) 264 1$aTrapani :$bIl pozzo di Giacobbe,$c2021. 300 $a249 p. :$bill. ;$c22 cm 490 1 $aAi crocevia ;$v19 505 0 $aArte e/è sacrificio : saggio di teologia dell'arte / Jean-Paul Hernandez. -- La misericordia del sacrificio : la centralità di yôm hakkippurîm nei sacrifici dell'Antico Testamento e la logica del (per)dono / Enzo Appella. -- Il sacrificio di Gesù / Emilio Salvatore. -- "Sacrificare il sacrificio?" : il paradigma sacrificale e la sua attualità : una rilettura sistematica / Armando Nugnes. -- Una conclusione aperta : il futuro del "sacrificio" / Carmelo Torcivia 650 4$aSacrifici - Religioni comparate.$0(OLS)http://semarc/subject/1570 700 1 $aAppella, Enzo,$d<1967- >.$0(OLS)http://semarc/name/119481 700 1 $aSalvatore, Emilio.$0(OLS)http://semarc/name/52056 830 0$aAi crocevia ;$v19.$0(OLS)http://semarc/title/419326 850 $aSeMil 852 $aSeMil$W1$xVenegono$y1$m2B VII 104$j247323$B248993$CSeMilBibl$Z2$F248993 $81 996 $6020$a978-88-6124-941-7$9(OLS)http://semarc/number/300124 996 $6245$aIl sacrificio come dono :$bambivalenze e potenzialità di una categoria teologica$9(OLS)http://semarc/title/448106 996 $6264$aTrapani :$bIl pozzo di Giacobbe$9(OLS)http://semarc/publisher/31941 LEADER 01486nam a2200265 i 4500 001 000000043358 003 CaOOAMICUS 005 20090813000000.0 008 090813s1968 fr u000 u fre u 013 $a14528 040 $aSeMil$bita 240 03$aDe nieuwe katechismus : geloofsverkondiging voor volwassenen.$0(OLS)http://semarc/title/63664 240 10$aDe Nieuwe katechismus : geloofsverkondiging voor volwassenen.$0(OLS)http://semarc/title/63666 245 14$aUne introduction a la foi catholique :$ble nouveau catéchisme pour adultes réalisé sous la responsabilité des évêques des Pays-Bas /$cédition française sous la direction de Charles Ehlinger. 260 $a[Paris] :$bIDOC,$c1968. 300 $a653, 67 p. ;$c20 cm. 500 $aIn supplemento : Les grands points discutés du catéchisme hollandais / Dossier de Charles Ehlinger. - Fondo Card. Giovanni Colombo. 650 4$aCatechismo olandese.$0(OLS)http://semarc/subject/7367 700 1 $aEhlinger, Charles.$0(OLS)http://semarc/name/21528 700 1 $aNederlandse Bisschoppenconferentie.$0(OLS)http://semarc/name/17779 850 $aSeMil 852 $aSeMil$W1$xVenegono$y1$m2B II 192 °$j9513$B9513$CSeMilBibl$Z2$F9513 $81 941 1 $a3 996 $6245$aUne introduction a la foi catholique :$ble nouveau catéchisme pour adultes réalisé sous la responsabilité des évêques des Pays-Bas$9(OLS)http://semarc/title/63665 996 $6260$a[Paris] :$bIDOC$9(OLS)http://semarc/publisher/40430